01101nab a22002177a 4500999001500000003000400015005001700019008004100036040000700077100003300084245010500117260007200222300001400294500003900308505022700347505008900574650002600663650003700689773014400726942001300870 c5904d5904OSt20260110005619.0190605e xxu||||| |||| 00| 0 spa d cPJ 96168aSalgado, José Manuel13aEl art. 30 de la LCT en el régimen de la industria de la construcción /cJosé Manuel Salgado.  aCiudad Autónoma de Buenos Aires :bThomson Reuters La Ley,c2023. ap. 97-104 aCita: TR LALEY AR/DOC/1874/2023.  aSumario: I. Introducción.— II. La cuestión antes de la reforma introducida por la ley 25.013.— III. La reforma introducida por la ley 25.013.— IV. La situación del comitente no constructor.— V. Conclusión.  t¿Te interesa el texto completo? Solicitalo al correo: koha@justierradelfuego.gov.ar 091316aDERECHO LABORAL 091383aLEY DE CONTRATO DE TRABAJO0 0271193168dCiudad Autónoma de Buenos Aires : Thomson Reuters La Ley, 1999-2002.tRevista de derecho del trabajo. Nº 5 - Septiembre 2023 2udccANA